| 000 | 02947ncm0a2200481 4500 | ||
|---|---|---|---|
| 001 | RU\NLR\ONIZ\263561 | ||
| 005 | 20260406083828.0 | ||
| 035 | _a(NLR Aleph) 012445260 | ||
| 071 | 2 | 0 | _aС 3864 К |
| 090 |
_a11945857 _c11945857 |
||
| 100 | _a20210121d1977 |||y0rusy50 ca | ||
| 101 | 0 |
_arus _feng _frus |
|
| 102 | _aRU | ||
| 125 | _acx | ||
| 128 | _aop | ||
| 135 | _acrmn mmmanaba | ||
| 145 | 0 | _ac | |
| 200 | 1 |
_aЧапаев _bНоты _dChapayev _eопера в 3 действиях, 5 картинах _fА. Холминов _gлибретто А. Холминова по одноименному роману Дм. Фурманова и киносценарию братьев Васильевых _zeng |
|
| 208 | _aКлавир | ||
| 210 |
_aМосква _cСоветский композитор _d1977 |
||
| 215 |
_a352, [2] с. _cил. _d29 см |
||
| 300 | _aСуперобложка | ||
| 313 | _aСистематизация документа проведена по изданию - Методика классифицирования музыкальных произведений (нотных изданий) по таблицам Библиотечно-библиографических классификаций : метод. рекомендации / Гос. б-ка СССР им. В.И. Ленина.- М., 1977. Индексу ББК методических рекомендаций присваивается код ББК для научных библиотек - LBC/SL | ||
| 325 | _aКопия доступна в Электрон. б-ке РНБ | ||
| 604 |
_1700#1$aФурманов$gДмитрий Андреевич$bД. А.$f1891-1926$7ca _150010$aЧапаев$xМузыкальные интерпретации$jНоты _aФурманов, Дмитрий Андреевич (1891-1926) _tЧапаев _xМузыкальные интерпретации _jНоты |
||
| 606 | 1 |
_aОперы советские _jНоты _2nlr_sh |
|
| 686 | 0 | _aЩ971(2Р)Фп | |
| 700 | 1 |
_9z01790 _aХолминов _bА. Н. _f1925-2015 _gАлександр Николаевич _4230 _4480 _7ca |
|
| 702 | 1 |
_4245 _8rus _7ca _aФурманов _bД. А. _gДмитрий Андреевич _f1891-1926 _3RU\NLR\auth\7732337 _915345 |
|
| 702 | 0 |
_aБратья Васильевы _4245 _7ca |
|
| 790 | 1 |
_9z01700 _aCholminov _bA. N. _f1925-2015 _gAleksandr Nikolaevič _4230 _4480 _7ba |
|
| 790 | 1 |
_4070 _7ba _8rus _aFurmanov _bD. A. _f1891-1926 _gDmitrij Andreevič _3RU\NLR\AUTH\770278537 _92650504 |
|
| 801 | 0 |
_aRU _bNLR _c20210121 _gPSBO |
|
| 801 | 1 |
_aRU _bNLR _c20210121 _2rusmarc |
|
| 801 | 2 |
_aRU _bNLR _c20210121 |
|
| 852 |
_aNLR _bМ _j346-3/Х.724 _pМОЭ 29204 _t1 |
||
| 942 | _cSCORE | ||
| 980 | _aNB | ||
| 980 | _aONIZ | ||
| 981 | 2 | 4 |
_a(24) Нотные издания и аудиозаписи _b(24) Оперы, оперетты |